000 00710nam a22002057a 4500
005 20251108174604.0
008 250721s1996 xx 000 0 ara d
082 1 4 _a609.565/درا
100 1 _aالشريدة، خالد نجيب
245 1 0 _aدراسة الاحتياجات والامكانات العلمية والتكنولوجية الوطنية /
264 1 _aعمان :
_bالمجلس الأعلى للعلوم والتكنولوجيا،
_c1996.
300 _a191ص.
650 1 7 _aالاردن
650 1 7 _aالدراسات
650 1 7 _aنقل التكنولوجيا
650 1 7 _aالتنميه الفنيه
650 1 7 _aالتكنولوجيا
942 _2ddc
_cBK
999 _c112982
_d112982